| 000 | 01380cam a2200349 a 4500 | ||
|---|---|---|---|
| 001 | 1589 | ||
| 005 | 20231124111841.0 | ||
| 020 | _a9780545142984 | ||
| 040 |
_aDLC _cDLC _dDLC _beng |
||
| 050 | 0 | 0 |
_aPZ7.D5415312 _bRai 2009 |
| 082 | 0 | 0 |
_aFic _222 |
| 100 | 1 | _aDiamand, Emily. | |
| 245 | 1 | 0 |
_aRaiders' ransom / _cEmily Diamand ; [interior illustrations by Carol Lawson]. |
| 250 | _aFirst paperback printing, April 2011 | ||
| 260 |
_aNew York : _bScholastic, _c2009 |
||
| 300 |
_a334 pages : _billustrations ; _c20 cm |
||
| 500 | _aSequel: Flood and fire. | ||
| 505 | _aR | ||
| 520 | _aIn 22nd-century Great Britain, where climate change has caused vast flooding, the piratical Reavers kidnap the Prime Minister's daughter and thirteen-year-old Lilly Melkun, an English fisher-girl, takes her seacat on a daring rescue attempt, with a mysterious talking jewel from a past computer age tucked in her belt as ransom. | ||
| 521 |
_a720
_bLexile |
||
| 521 |
_aR
_bRaz-Plus |
||
| 650 | 1 |
_aAdventure and adventurers _vFiction. |
|
| 650 | 1 |
_aKidnapping _vFiction |
|
| 650 | 1 |
_aPirates _vFiction. |
|
| 650 | 1 |
_aCats _vFiction. |
|
| 650 | 1 |
_aComputers _vFiction. |
|
| 650 | 1 |
_aEnvironmental degradation _vFiction. |
|
| 650 | 1 | _aScience fiction. | |
| 700 | 1 |
_aLawson, Carol. _eillustrator |
|
| 906 |
_a7 _bcbc _corignew _d1 _eecip _f20 _gy-gencatlg |
||
| 942 |
_2ddc _cBK _n0 |
||
| 999 |
_c1589 _d1589 |
||